| 000 | 00413 a2200133 4500 | ||
|---|---|---|---|
| 001 | ART_48925 | ||
| 005 | 20260410161829.0 | ||
| 008 | 260409a | ||
| 245 | 1 | 0 | _aPresión tributaria efectiva y potencial en Argentina |
| 100 | 1 | _aGarriga, Marcelo | |
| 700 | 1 | _aRosales, Walter | |
| 700 | 1 | _aMangiacone, Norberto | |
| 773 | 0 |
_tEstudios Económicos _g- Vol. 35, Nº 71 (jul./dic. 2018) _wREV5080 |
|
| 999 |
_c23069 _d23069 |
||